Brock. Biología de los microorganismos

Сохранить в:
Библиографические подробности
Главные авторы: Madigan, Michael T. (autor), Stahl, David A (Автор), Bender, Kellys (Автор)
Другие авторы: Martinko, John M, Buckley, Daniel H
Формат:
Язык:испанский
Опубликовано: Madrid, España Pearson Educación S. A 2015
Редактирование:14a. edición
Предметы:
Online-ссылка:Disponible Online
Метки: Добавить метку
Нет меток, Требуется 1-ая метка записи!

MARC

LEADER 00000cam a2200000 a 4500
001 UCC6653
003 CL-VaPUC
005 20240910093422.0
008 181220e20150000sp |||||||||||||||||spa|d
999 |c 373554  |d 373552 
020 |a 9788490352793 
040 |c Pontificia Universidad Católica de Valparaíso 
082 0 4 |a 576 MAD 2015  |2 21 
100 |a Madigan, Michael T.  |e autor  |9 611992 
245 1 0 |a Brock.   |b Biología de los microorganismos 
250 |a 14a. edición  
260 |a Madrid, España   |b Pearson Educación S. A  |c 2015 
300 |a 1099 páginas 
583 |a last modification  |c 20190620 12:17:39  |k Rodrigo Vera 
650 0 |a Microbiología  |x Biología celular  |9 341055 
650 0 |a Virología  |9 259706 
650 0 |a Biotecnología  |9 263020 
650 0 |a Metabolismo microbiano  |2 CL-VaPUC  |9 373264 
650 0 |a Inmunología  |x Epidemiología   |9 891188 
700 0 |a Martinko, John M  |9 601134 
700 0 |a Buckley, Daniel H  |9 601135 
700 0 |a Stahl, David A  |e author  |9 601136 
700 0 |a Bender, Kellys  |e author  |9 601137 
856 |u http://bibliografiadigital.pucv.cl.pucv.idm.oclc.org/index.php/bibliotecapucv/catalog/book/461  |y Disponible Online  
942 |c BK  |2 ddc 
945 |d 20181220 17:39:00  |a dcastane 
952 |0 0  |1 0  |2 ddc  |3 erb  |4 0  |6 576_000000000000000_MAD_2015  |7 0  |8 R  |9 491738  |a BIBING  |b BIBING  |c RES  |i 5526744  |l 8  |o 576 MAD 2015  |p 5526744  |r 2025-01-20  |s 2023-05-17  |t 2  |w 2019-11-24  |y BK  |z Catalogado en:20181220  |k EIB 
952 |0 0  |1 0  |2 ddc  |3 erb  |4 0  |6 576_000000000000000_MAD_2015  |7 0  |8 R  |9 491739  |a BIBING  |b BIBING  |c RES  |i 5526736  |l 9  |m 1  |o 576 MAD 2015  |p 5526736  |r 2025-01-20  |s 2024-08-07  |t 1  |w 2019-11-24  |y BK  |z Catalogado en:20181220  |k EIB 
952 |0 0  |1 0  |2 ddc  |3 erb  |4 0  |6 576_000000000000000_MAD_2015  |7 0  |8 R  |9 491740  |a BIBCUR  |b BIBCUR  |d 2019-06-19  |e 11  |g 98000.00  |i 5553377  |l 27  |m 3  |o 576 MAD 2015  |p 5553377  |r 2025-05-08  |s 2025-05-08  |t 7  |v 98000.00  |w 2019-11-24  |y BK_R  |z Catalogado en:20190621  |k BIO 
952 |0 0  |1 0  |2 ddc  |3 erb  |4 0  |6 576_000000000000000_MAD_2015  |7 0  |8 R  |9 491741  |a BIBCUR  |b BIBCUR  |d 2019-06-19  |e 11  |g 98000.00  |i 5553385  |l 24  |m 3  |o 576 MAD 2015  |p 5553385  |r 2025-04-22  |s 2025-04-22  |t 8  |v 98000.00  |w 2019-11-24  |y BK_R  |z Catalogado en:20190621  |k BIO 
952 |0 0  |1 0  |2 ddc  |3 erb  |4 0  |6 576_000000000000000_MAD_2015  |7 0  |8 R  |9 491742  |a BIBCUR  |b BIBCUR  |d 2019-06-19  |e 11  |g 98000.00  |i 5553350  |l 24  |m 1  |o 576 MAD 2015  |p 5553350  |r 2025-05-08  |s 2025-05-08  |t 5  |v 98000.00  |w 2019-11-24  |y BK_R  |z Catalogado en:20190621  |k BIO 
952 |0 0  |1 0  |2 ddc  |3 erb  |4 0  |6 576_000000000000000_MAD_2015  |7 0  |8 R  |9 491743  |a BIBCUR  |b BIBCUR  |d 2019-06-19  |e 11  |g 98000.00  |i 5553369  |l 29  |m 5  |o 576 MAD 2015  |p 5553369  |r 2025-05-08  |s 2025-05-08  |t 6  |v 98000.00  |w 2019-11-24  |y BK_R  |z Catalogado en:20190621  |k BIO 
952 |0 0  |1 0  |2 ddc  |3 erb  |4 0  |6 576_000000000000000_MAD_2015  |7 0  |8 R  |9 491744  |a BIBCUR  |b BIBCUR  |d 2019-06-19  |e 11  |g 98000.00  |i 5553334  |l 29  |m 2  |o 576 MAD 2015  |p 5553334  |r 2025-05-05  |s 2025-05-05  |t 3  |v 98000.00  |w 2019-11-24  |y BK_R  |z Catalogado en:20190621  |k BIO 
952 |0 0  |1 0  |2 ddc  |3 erb  |4 0  |6 576_000000000000000_MAD_2015  |7 0  |8 R  |9 491745  |a BIBCUR  |b BIBCUR  |d 2019-06-19  |e 11  |g 98000.00  |i 5553342  |l 30  |m 1  |o 576 MAD 2015  |p 5553342  |r 2025-05-08  |s 2025-05-08  |t 4  |v 98000.00  |w 2019-11-24  |y BK_R  |z Catalogado en:20190621  |k BIO 
952 |0 0  |1 0  |2 ddc  |4 0  |6 576_000000000000000_MAD_2015  |7 0  |8 R  |9 577425  |a BIBCUR  |b BIBCUR  |d 2021-01-05  |e 1  |g 190828.00  |i 5581745  |l 21  |m 4  |o 576 MAD 2015  |p 5581745  |r 2025-04-24  |s 2025-04-22  |t 9  |v 190828.00  |w 2021-01-05  |y BK_R  |k BIO 
952 |0 0  |1 0  |2 ddc  |4 0  |6 576_000000000000000_MAD_2015  |7 0  |8 R  |9 577459  |a BIBCUR  |b BIBCUR  |d 2021-01-07  |e 1  |g 190828.00  |i 5582016  |l 19  |m 4  |o 576 MAD 2015  |p 5582016  |r 2025-04-23  |s 2025-04-21  |t 10  |v 190828.00  |w 2021-01-07  |y BK_R  |k BIO 
952 |0 0  |1 0  |2 ddc  |4 0  |6 576_000000000000000_MAD_2015  |7 0  |8 R  |9 577460  |a BIBCUR  |b BIBCUR  |d 2021-01-07  |e 1  |g 190828.00  |i 5582032  |l 28  |o 576 MAD 2015  |p 5582032  |r 2025-05-08  |s 2025-05-08  |t 12  |v 190828.00  |w 2021-01-07  |y BK_R  |k BIO 
952 |0 0  |1 0  |2 ddc  |4 0  |6 576_000000000000000_MAD_2015  |7 0  |8 R  |9 577461  |a BIBCUR  |b BIBCUR  |d 2021-01-07  |e 1  |g 190828.00  |i 5582024  |l 20  |m 1  |o 576 MAD 2015  |p 5582024  |r 2025-05-08  |s 2025-05-08  |t 11  |v 190828.00  |w 2021-01-07  |y BK_R  |k BIO 
952 |0 0  |1 0  |2 ddc  |4 0  |6 576_000000000000000_MAD_2015  |7 0  |8 R  |9 577462  |a BIBCUR  |b BIBCUR  |d 2021-01-07  |e 1  |g 190828.00  |i 5582040  |l 30  |m 6  |o 576 MAD 2015  |p 5582040  |r 2025-05-08  |s 2025-04-30  |t 13  |v 190828.00  |w 2021-01-07  |y BK_R  |k BIO 
952 |0 0  |1 0  |2 ddc  |4 0  |6 576_000000000000000_MAD_2015  |7 0  |8 R  |9 602196  |a BIBCUR  |b BIBCUR  |d 2025-04-07  |e 13  |g 167421.00  |i 5667101  |l 2  |o 576 MAD 2015  |p 5667101  |r 2025-05-08  |s 2025-05-08  |t 14  |v 167421.00  |w 2025-04-07  |y BK_R  |k CIM 
952 |0 0  |1 0  |2 ddc  |4 0  |6 576_000000000000000_MAD_2015  |7 0  |8 R  |9 602197  |a BIBCUR  |b BIBCUR  |d 2025-04-07  |e 13  |g 167421.00  |i 5667102  |l 4  |o 576 MAD 2015  |p 5667102  |r 2025-05-08  |s 2025-05-08  |t 15  |v 167421.00  |w 2025-04-07  |y BK_R  |k CIM